000
00247nam a22001097a 4500
008
180806b xxu||||| |||| 00| 0 eng d
082
_a
813.52
245
_a
Wings Over Lexington
_c
Hayden,J.C
260
_c
1963
300
_a
1
_f
CD
942
_2
ddc
_c
MX
999
_c
46843
_d
46843